Statistics for U.S States By Tourism

Click here to take the quiz!

General Stats

  • This quiz has been taken 49 times
  • The average score is 13 of 14

Answer Stats

VisitorsState% Correct
4.45MCalifornia
100%
7.14MFlorida
100%
1.72MNevada
100%
7.13MNew York
100%
0.66MArizona
98%
1.29MTexas
95%
0.80MMassachusetts
93%
0.46MWashington
93%
0.95MHawaii
89%
4.45MGeorgia
86%
0.43MVirginia
84%
1.13MIllinois
82%
5.92MPennsylvania
82%
0.86MNew Jersey
80%

Score Distribution

Percentile by Number Answered

Percent of People with Each Score

Your Score History

You have not taken this quiz